Engineering Chemistry / (Record no. 40102)

MARC details
000 -LEADER
fixed length control field 00662nam a22001937a 4500
005 - DATE AND TIME OF LATEST TRANSACTION
control field 20100807143859.0
010 ## - LCCN (DPL NO)
LC control number ENG-98864
020 ## - INTERNATIONAL STANDARD BOOK NUMBER
International Standard Book Number 9789380433134
Terms of availability 100.00
035 ## - SYSTEM CONTROL NUMBER
System control number EN-82396
037 ## - SOURCE OF ACQUISITION
Source of stock number/acquisition DBAD/PUB
082 ## - DEWEY DECIMAL CLASSIFICATION NUMBER
Classification number 660
100 ## - MAIN ENTRY--PERSONAL NAME
Personal name Sureshkumar,V
245 ## - TITLE STATEMENT
Title Engineering Chemistry /
Statement of responsibility, etc by V Sureshkumar
260 ## - PUBLICATION, DISTRIBUTION, ETC. (IMPRINT)
Place of publication, distribution, etc Thanjavur
Name of publisher, distributor, etc Nalankilli Pathippagam
Date of publication, distribution, etc 2009
270 ## - ADDRESS
Address 1271, Sulthanjiappa Lane South Rampart
City Thanjavur Tamil Nadu
Postal code 613001
300 ## - PHYSICAL DESCRIPTION
Extent 138p
Dimensions 20cm(pbk)
942 ## - ADDED ENTRY ELEMENTS (KOHA)
Source of classification or shelving scheme Dewey Decimal Classification
Item type English Books
Classification part 660
Call number suffix SUR
Holdings
Withdrawn status Lost status Not for loan Collection code Home library Current library Date acquired Source of acquisition Cost, normal purchase price Full call number Barcode Copy number Cost, replacement price Koha item type
    Not For Loan Non-fiction D.B.Act.Division D.B.Act.Division 07/08/2010 DBAD/PUB 100.00 660 SUR EN-82396 1 100.00 English Books

© Delhi Public Library
Hit Counter
free hit counter